000 00672nam a2200277Ia 4500
005 20260320195713.0
008 008 262003s9999 xx 000 0 hin d
020 _a9788119159437
037 _aEBOOK
040 _aCRL
040 _bhin
040 _cCRL
041 _2hin
041 _ahin
084 _qCRL
100 _aकुंवर नारायण
_91132858
245 0 _aजिये हुए से ज़्यादा
250 _a1st
260 _bRajkamal
260 _c2023
300 _a232
856 _uhttps://ebook.indiaread.in/pdfs/Jiye_Hue_se_Zyada.pdf
942 _cEBOOK
999 _c1716041
_d1716041